000 00566nam a2200229Ia 4500
003 OSt
005 20221005130845.0
006 a|||||r|||| 00| 0
007 ta
008 221004b |||||||| |||| 00| 0 guj d
024 _a40777
037 _cTextual
040 _aCRL
_cCRL
_bguj
041 _2guj
_aguj
082 _aR6, 156J6
100 _aKishorlal Ganshayam Au.
_9638767
245 0 _aSansar any dharam
260 _c1956
650 _aPHILOSOPHY
942 _hR6, 156J6
_cTEXL
_2cc
999 _c1058622
_d1058622